Poverty and inequality in India: a re-examination (Record no. 53719)

000 -LEADER
fixed length control field 01592pab a2200193 454500
008 - FIXED-LENGTH DATA ELEMENTS--GENERAL INFORMATION
fixed length control field 180718b2002 xxu||||| |||| 00| 0 eng d
100 ## - MAIN ENTRY--PERSONAL NAME
Personal name Deaton, Angus
245 ## - TITLE STATEMENT
Title Poverty and inequality in India: a re-examination
260 ## - PUBLICATION, DISTRIBUTION, ETC.
Date of publication, distribution, etc. 2002
300 ## - PHYSICAL DESCRIPTION
Extent p.3729-748.
362 ## - DATES OF PUBLICATION AND/OR SEQUENTIAL DESIGNATION
Dates of publication and/or sequential designation 7 Sep
520 ## - SUMMARY, ETC.
Summary, etc. This paper presents a new set of integrated poverty and inequality estimates for India and Indian states for 1987-88, 1993-94 and 1999-2000. The poverty estimates are broadly consistent with independent evidence on per capita expenditure state domestic product and real agricultural wages. They show that poverty decline in the 1990s proceeded more or less in line with earlier trends. Regional disparities increased in the 1990s, with the southern and western regions doing much better than the northern and eastern regions. Economic inequality also increased within states, especially within urban areas, and between urban and rural areas. We briefly examine other development indicators, relating for instance to health and education. Most indicators have continued to improve in the nineties, but social progress has followed very diverse patterns, ranging from accelerated progress in some fields to slow down and even regression in others. We find no support for sweeping claims that the nineties have been a period of `unprecedented improvement' or `widespread impoverishment'. - Reproduced.
650 ## - SUBJECT ADDED ENTRY--TOPICAL TERM
Topical term or geographic name entry element Income distribution - India
650 ## - SUBJECT ADDED ENTRY--TOPICAL TERM
Topical term or geographic name entry element Poverty - India
650 ## - SUBJECT ADDED ENTRY--TOPICAL TERM
Topical term or geographic name entry element Poverty
700 ## - ADDED ENTRY--PERSONAL NAME
Personal name Dreze, Jean
773 ## - HOST ITEM ENTRY
Main entry heading Economic and Political Weekly
909 ## -
-- 53719
Holdings
Withdrawn status Lost status Damaged status Not for loan Permanent Location Current Location Date acquired Serial Enumeration / chronology Barcode Date last seen Price effective from Koha item type
        Indian Institute of Public Administration Indian Institute of Public Administration 2018-07-19 Volume no: 37, Issue no: 36 AR54164 2018-07-19 2018-07-19 Articles

Powered by Koha